=LDR 00000nam 2200000 4500 =001 INLIS000000000053282 =005 20180430094152 =035 ##$$a 0010-0418000173 =007 ta =008 180430###########################0###### =020 ##$$a 0194376060 =082 ##$$a 420 =084 ##$$a 420 TOM a =100 #$$a Tom Mc Arthur =245 1#$$a A Rapid Course in english for students of economics /$c Tom Mc Arthur =250 ##$$a Cet.1 =260 ##$$a New York :$b Oxford University,$c 1973 =300 ##$$a 123 hlm : $b ilus ; $c 20 cm =650 ##$$a Bahasa inggris =990 ##$$a 73347334 =990 ##$$a 51800099